| 000 | 01217cab a2200361 4500 | ||
|---|---|---|---|
| 001 | ABS47200 | ||
| 008 | 090401t1992 xxu||||| |||| 00| 0 eng d | ||
| 035 | _a(Sirsi) u61024 | ||
| 041 | _aeng | ||
| 100 | _aSmith, R. | ||
| 245 | _aPassive fire protection | ||
| 260 | _c1992 | ||
| 350 | _a0 | ||
| 490 |
_aStructural Survey _v11(2) Autumn 1992, 142-149(4) |
||
| 520 | _aConsiders some of the major spheres of influence which can affect the passive fire protection of buildings - passive fire protection materials and applications, fire tests, Building Regulations and the possible influence of future EC legislation. | ||
| 650 | _aAPPROVED DOCUMENT B | ||
| 650 | _aASSOCIATION OF SPECIALIST FORE PROTECTION CONTRACTORS AND MANUFACTURER | ||
| 650 | _aBOARDS | ||
| 650 | _aBRITISH STANDARDS | ||
| 650 | _aBS476 | ||
| 650 |
_aBUILDING REGULATIONS _96224 |
||
| 650 | _aEC DIRECTIVES | ||
| 650 | _aFIRE BARRIERS | ||
| 650 | _aFIRE PROTECTION | ||
| 650 | _aFIRE REGULATIONS | ||
| 650 | _aMANAGEMENT-HEALTH AND SAFETY-FIRE SAFETY | ||
| 650 | _aFIRE TESTS | ||
| 650 | _aINTUMESCENTS | ||
| 650 | _aSPRAYS | ||
| 690 | _aBUILT ENVIRONMENT-BUILDING STANDARDS | ||
| 942 | _n0 | ||
| 948 | _c04/03/1997 | ||
| 999 |
_c37729 _d37729 |
||